The city
Αποθηκεύτηκε σε:
| Κύριος συγγραφέας: | |
|---|---|
| Άλλοι συγγραφείς: | , |
| Μορφή: | Βιβλίο |
| Γλώσσα: | English |
| Δημοσίευση: |
Chicago :
University of Chicago Press,
1967
|
| Σειρά: | Heritage of sociology
|
| Θέματα: | |
| Ετικέτες: |
Προσθήκη ετικέτας
Δεν υπάρχουν, Καταχωρήστε ετικέτα πρώτοι!
|
MARC
| LEADER | 00000nam a2200000 i 4500 | ||
|---|---|---|---|
| 001 | 1/78981 | ||
| 008 | 941017s1967 eng d | ||
| 020 | |a 0-226-64611-4 | ||
| 035 | |l 10004698 | ||
| 040 | |a GR-MY-UA |b gre |e aacr | ||
| 041 | 0 | |a eng | |
| 082 | 0 | |a 307.76 | |
| 100 | 1 | |a Park, Robert Ezra |d 1864-1944. | |
| 245 | 1 | 4 | |a The city / |c Robert E. Park; Ernest W. Burgess; Roderick D. McKenzie ; With an introduction by Morris Janowitz |
| 260 | |a Chicago : |b University of Chicago Press, |c 1967 | ||
| 300 | |a 239 p. | ||
| 490 | 1 | |a Heritage of sociology | |
| 504 | |a Includes index | ||
| 650 | 0 | 0 | |a Sociology, Urban. |
| 650 | 0 | 0 | |a Cities and towns. |
| 700 | 1 | |a Burgess, Ernest Watson |d 1886-1966. | |
| 700 | 1 | |a McKenzie, Roderick Dunkan |d 1885-1940. | |
| 830 | 0 | |a Heritage of sociology | |
| 852 | |a INST |b LESVOS |e 19941017 |h 307.76 PAR |p 005100003552 |q 005100003552 |t BK |y 0 | ||
| 909 | |a Λ |b 006151 | ||